| 000 | 00433nam a22001577a 4500 | ||
|---|---|---|---|
| 003 | NUST | ||
| 005 | 20230314180206.0 | ||
| 020 | _a9693500849 | ||
| 082 | _a891.4393,BAN | ||
| 100 |
_aBano, Qudsia _98994 |
||
| 245 |
_aKuch Aur Nahi / کچھ اور نہیں (Urdu) / _cBano Qudsia |
||
| 260 |
_aLahore _bSang-e-Meel Pub _c2015 |
||
| 300 | _a247 p.; | ||
| 650 |
_aUrdu Literatur- Short stories _9105580 |
||
| 942 |
_2ddc _cBK _k891.4393,BAN |
||
| 999 |
_c592771 _d592771 |
||